DEMİRYOLU ÇOCUKLARI (Record no. 915218)

MARC details
000 -LEADER
sabit uzunluktaki kontrol alanı 00250nam a2200097Ia 4500
001 - KONTROL NUMARASI
kontrol alanı 915218
005 - EN SON İŞLEMİN TARİH VE ZAMANI
kontrol alanı 20250826185830.0
008 - SABİT-UZUNLUKTA VERİ ÖĞELERİ--GENEL BİLGİ
sabit uzunluktaki kontrol alanı 250824s9999 xx 000 0 und d
245 #0 - ESER / YAZAR
ESER ADI DEMİRYOLU ÇOCUKLARI
Yazar Adı EDITH NESBIT
260 ## - YAYIN, DAĞITIM, VB.
YAYIN EVİ KIRMIZI KEDİ YAYINLARI
Holdings
Düşüm durumu Kayıp durumu Hasar Durumu Ödünç verilmez Ana kütüphane Geçerli Kütüphane Edinilen tarih Toplam ödünç verme sayısı Barkod Son görüntüleme tarihi Son ödünç verme tarihi Fiyatın geçerli olmaya başladığı tarih Koha materyal türü
        AHMET PERİHAN DEMİROK İLKOKULU AHMET PERİHAN DEMİROK İLKOKULU 24.08.2025 1 10373915 09.01.2026 08.01.2026 26.08.2025 Books